| 000 | 00491nam a22001817a 4500 | ||
|---|---|---|---|
| 999 |
_c6245 _d6245 |
||
| 003 | GBCCL | ||
| 005 | 20241126110559.0 | ||
| 008 | 180504b ||||| |||| 00| 0 eng d | ||
| 020 | _a0835807274 | ||
| 040 | _cgbc | ||
| 082 |
_a242.2 _bDIS |
||
| 110 |
_aThe Upper Room _911203 |
||
| 245 |
_aThe upper room disciplines 1996 / _cEdited by Glenda Webb, et.al. |
||
| 260 |
_aNashville: _bUpper Room, _c1995 |
||
| 300 |
_a388 p.; _c18 cm. |
||
| 650 |
_aDevotional Calendars _91878 |
||
| 942 |
_2ddc _cBK |
||